|
|
|
|
| LEADER |
00807cam a2200229 7i4500 |
| 001 |
0000076749 |
| 005 |
20230328090000.0 |
| 020 |
|
|
|a 9780323916097 9electronic book)
|
| 090 |
0 |
0 |
|a T59.7
|b .M65 2023
|
| 100 |
1 |
|
|a Moriarty, David
|
| 245 |
1 |
0 |
|a Designing and managing complex systems
|c David Moriarty.
|
| 264 |
|
|
|a London:
|b Academic Press,
|c 2023.
|
| 300 |
|
|
|a 1 online resource (xxiii, 297 pages):
|b text file, PDF.
|
| 336 |
|
|
|a text
|2 rdacontent
|
| 337 |
|
|
|a computer
|2 rdamedia
|
| 338 |
|
|
|a online resource
|2 rdacarrier
|
| 650 |
|
0 |
|a System design
|
| 650 |
|
0 |
|a Human engineering
|
| 655 |
|
0 |
|a Electronic books
|
| 856 |
4 |
2 |
|u http://library.unisel.edu.my/web/guest/mylibrary
|
| 997 |
|
|
|a Engineering & Life Sciences, Faculty
|b Engineering, Department
|
| 999 |
|
|
|a EBO0019635
|b EBOOK
|c EBOOK
|e Electronic resources
|